KOHA-Header-6

Principles of Islamic Economics (Record no. 9987)

000 -LEADER
fixed length control field 00263nam a2200109Ia 4500
100 ## - MAIN ENTRY--AUTHOR NAME
Personal name Umar Latif
245 #0 - TITLE STATEMENT
Title Principles of Islamic Economics
260 ## - PUBLICATION, DISTRIBUTION, ETC. (IMPRINT)
Place of publication Karachi
Name of publisher Economic
Year of publication 2003
300 ## - PHYSICAL DESCRIPTION
Number of Pages 370
942 ## - ADDED ENTRY ELEMENTS (KOHA)
Koha item type Books
Holdings
Withdrawn status Lost status Permanent Location Current Location Date acquired Full call number Accession Number Koha item type
    MAJU MAJU 2019-09-14 658.8 6056 Books

Powered by Koha